Statistics for Clubs with most UEFA Champions League titles

Click here to take the quiz!

General Stats

  • This quiz has been taken 35 times
    (14 since last reset)
  • The average score is 10 of 12

Answer Stats

TitlesTeam% Correct
5FC Bayern Munich
100%
6Liverpool FC
100%
3Manchester United FC
100%
7AC Milan
92%
5FC Barcelona
92%
3FC Internazionale Milano
92%
13Real Madrid
92%
2SL Benfica
85%
4AFC Ajax
77%
2Juventus
77%
2Porto
77%
2Nottingham Forest
62%

Score Distribution

Percentile by Number Answered

Percent of People with Each Score

Your Score History

You have not taken this quiz since the last reset